Monstros do cinema (Record no. 47576)

MARC details
000 -LÍDER
campo de controle de tamanho fixo 00349 a2200157 4500
001 - NÚMERO DE CONTROLE
campo de controle 47576
020 ## - ISBN - INTERNATIONAL STANDARD BOOK NUMBER
ISBN - International Standard Book Number 9788582056585
040 ## - FONTE DA CATALOGAÇÃO
Instituição que transcreveu o registro Anchieta - Aquarius
100 ## - ENTRADA PRINCIPAL--NOME PESSOAL
Nome pessoal Massi, Augusto
240 10 - TÍTULO UNIFORME
Título uniforme Monstros do cinema
Idioma da obra por
245 10 - TÍTULO
Título Monstros do cinema
300 ## - DESCRIÇÃO FÍSICA
Extensão 52p.
362 0# - DATAS DE PUBLICAÇÃO E/OU DESIGNAÇÃO SEQUENCIAL
Datas de publicação e/ou designação sequencial 2016
650 #4 - ASSUNTO--TERMO TÓPICO
Cabeçalho tópico ou nome geográfico Literatura infanto-juvenil
942 ## - ELEMENTOS DE ENTRADA ADICIONADOS (KOHA)
Tipo de material Koha Livros
Holdings
Situação do descarte Situação das perdas Situação física Não pode ser emprestado Biblioteca de origem Biblioteca atual Data de aquisição Total de empréstimos Número de chamada completo Código de barras Data de último acesso Data do último empréstimo Data do preço efetivo Tipo de material Koha
        Colégio Anchieta - Aquarius Inspira 21/11/2023 7 028.5 MAS MON 6345/AQU 21/11/2023 21/11/2023 21/11/2023 Livros
        Colégio Anchieta - Aquarius Inspira 21/11/2023 1 028.5 MAS MON 6400/AQU 21/11/2023 21/11/2023 21/11/2023 Livros